Derecho de acceso a la información (Record no. 150706)

MARC details
000 -LEADER
fixed length control field nam a22 7a 4500
005 - DATE AND TIME OF LATEST TRANSACTION
control field 20190906123531.0
008 - FIXED-LENGTH DATA ELEMENTS--GENERAL INFORMATION
fixed length control field 190827b ag ||||| |||| 00| 0 spa d
020 ## - INTERNATIONAL STANDARD BOOK NUMBER
International Standard Book Number 950679264X
050 04 - LIBRARY OF CONGRESS CALL NUMBER
Classification number KHA3015
Item number P54 1999
100 1# - MAIN ENTRY--PERSONAL NAME
Personal name Pierini, Alicia
245 10 - TITLE STATEMENT
Title Derecho de acceso a la información
Remainder of title : por una democracia con efectivo control ciudadano : acción de amparo
Statement of responsibility, etc / Alicia Pierini, Valentín Lorences ; con el auspicio del Instituto de Promoción de Estudios en Derechos Humanos.
250 ## - EDITION STATEMENT
Edition statement 1a ed.
260 ## - PUBLICATION, DISTRIBUTION, ETC. (IMPRINT)
Place of publication, distribution, etc Buenos Aires, Argentina :
Name of publisher, distributor, etc Editorial Universidad,
Date of publication, distribution, etc 1999.
300 ## - PHYSICAL DESCRIPTION
Extent 244 p. ;
Dimensions 23 cm.
650 #7 - SUBJECT ADDED ENTRY--TOPICAL TERM
Source of heading or term lemb
Topical term or geographic name as entry element Libertad de información
Geographic subdivision Argentina
650 #7 - SUBJECT ADDED ENTRY--TOPICAL TERM
Source of heading or term lemb
Topical term or geographic name as entry element Protección de datos
General subdivision Leyes y legislación
Geographic subdivision Argentina
650 #7 - SUBJECT ADDED ENTRY--TOPICAL TERM
Source of heading or term lemb
Topical term or geographic name as entry element Recurso de amparo
Geographic subdivision Argentina
700 1# - ADDED ENTRY--PERSONAL NAME
Personal name Lorences, Valentín,
Relator term autor
710 1# - ADDED ENTRY--CORPORATE NAME
Corporate name or jurisdiction name as entry element Buenos Aires, Argentina.
Subordinate unit Instituto de Promoción de Estudios en Derechos Humanos
Relator term Patrocinador
942 ## - ADDED ENTRY ELEMENTS (KOHA)
Source of classification or shelving scheme Biblioteca del Cogreso de los Estados Unidos
Koha item type Libro
Holdings
Estado de pérdida Fuente de clasificación Estado del daño No para préstamo Ubicación permanente Ubicación actual Apartado o colección Fecha de adquisición Fuente de adquisición Edición Dependencia de educación superior (DES) Área del conocimiento Clasificación Código de Barras Date last seen Número de copia Costo por reposición Tipo de recurso
  Biblioteca del Cogreso de los Estados Unidos     Biblioteca del Posgrado en Derecho Biblioteca del Posgrado en Derecho Colección Ernesto Villanueva 27/08/2019 Donación 1a ed. Derecho Ciencias Sociales y Administrativas KHA3015 P54 1999 BPD000000666 27/08/2019 1 1.00 Libro